1042 1979 1025 1293 1296 1667 1692 1487 1228 1834 1041 1094 1108 1412 1171 1127 1339 1942 1187 1996 1020 1275 1880 1976 1940 1475 1042 1455 1809 1746 1332 1193 1980 1035 1370 1650 1692 1102 1688 1678 1887 1609 1723 1080 1931 1510 1700 1934 1839 1846 1999 1599 1421 1261 1779 1736 1092 1594 1407 1346 1500 1601 1559 1879 1503 1606 1219 1192 1906 1748 1394 1349 1828 1301 1617 1573 1503 1317 1708 1460 1920 1713 1270 1780 1359 1860 1011 1239 1151 1073 1187 1886 1821 1753 1398 1741 1278 1457 1358 BCNSPRNW ULIB Ver.6.0+V

เปลี่ยนเป็นภาษาไทย

Change to English
 แสดงรายละเอียดบรรณานุกรม
  กลับหน้าหลัก

Brief Record : Get Marc (ISO 2709) : E-mail record : QR code < ปิดหน้าต่าง
LEADER : 00000nam 2200000uu 4500
001    13399122641
003     ULIB
008    130820s2012||||th 000 0 eng d
020    ^a9780071749268 (hardback : alk. paper)
020    ^a0071749268 (hardback : alk. paper)
060 04 ^aWP145^bG997
245 00 ^aGynecologic oncology :^bclinical practice & surgical atlas /^c[edited by] Beth Y. Karlan, Robert E. Bristow, Andrew J. Li
260    ^aNew York :^bMcGraw-Hill Medical,^cc2012
300    ^axv, 715 p. :^bill. (some col.) ;^c29 cm.
504    ^aIncludes bibliographical references and index
650  2 ^aGenital Neoplasms, Female^xdiagnosis^vAtlases
650  2 ^aGenital Neoplasms, Female^xtherapy^vAtlases
650  2 ^aGynecologic Surgical Procedures^xmethods^vAtlases
700 1  ^aKarlan, Beth Y.^q(Beth Young),^eed.
700 1  ^aBristow, Robert E.,^eed.
700 1  ^aLi, Andrew J.,^eed.
945    ^p4760^l0^i033826
999    ^aเกษร โพธิ์สุวรรณ
รายการนี้ยังไม่มีแท็ก
คุณยังไม่ได้ล็อกอิน คุณสามารถมีกิจกรรมร่วมกับเว็บไซต์ได้ แต่ต้องล็อกอินก่อน ::
  ล็อกอิน

รายการสื่อสารสนเทศ

ลำดับที่ ประเภท เลขเรียก/บาร์โค้ด สถานที่ สถานะ
1. วิทยาศาสตร์การแพทย์ และสุขภาพ
วิทยาศาสตร์การแพทย์ และสุขภาพ
WP145 G997  
  Barcode: 033826
ห้องสมุดวิทยาเขตสวรรค์ประชารักษ์
►หนังสือทั่วไป
บนชั้น

BibComment


ยังไม่เคยถูกคอมเมนท์

คอมเมนท์ทรัพยากรรายการนี้
  คอมเมนท์: Gynecologic onco..


 Copyright 2026. Bcnsprnw @Library